000 00368nam a2200121Ia 4500
008 220620s9999||||xx |||||||||||||| ||und||
245 0 _aSorption in 2020s
546 _aEnglish[eng]
650 _aPhysical chemistry
700 _aKyzas, George||Lazaridis, Nikolaos
856 _uhttps://mts.intechopen.com/storage/books/8012/authors_book/authors_book.pdf
942 _cEB
999 _c23845
_d23845